Paesi nominati nella pagina Wikipedia degli Emirati Arabi Uniti - Statistics

Statistiche generali
  • Questo quiz è stato fatto 26 volte
  • Il punteggio medio è 15 su 20
Statistiche sulle risposte
Volte in cui viene nominato Indizio (basato sul motivo per cui lo stato è nominato nella pagina Wikipedia) Paese % Corretto
9 Paese confinante Arabia Saudita
100%
2 Questo paese ha una disputa con gli EAU per alcune isole del golfo persico Iran
96%
7 Paese dal quale gli EAU hanno ottenuto l'indipendenza Regno Unito
96%
10 Paese confinante Oman
91%
7 Al momento dell'indipendenza, si pensò a una federazione tra EAU e questo paese Qatar
91%
1 Paese d'origine di numerosi immigrati presente negli EAU Cina
83%
1 Dal 2015 gli EAU sono intervenuti militarmente in questo paese Yemen
83%
1 Paese d'origine di numerosi immigrati presente negli EAU Egitto
78%
1 Paese d'origine di numerosi immigrati presente negli EAU India
78%
1 Nel 2020 gli EAU e questo paese hanno firmato uno storico accordo Israele
78%
1 Paese d'origine di numerosi immigrati presente negli EAU Pakistan
78%
1 Nel 2011 gli EAU sono intervenuti militarmente in questo paese Libia
74%
1 Paese d'origine di numerosi immigrati presente negli EAU Siria
74%
2 Gli EAU sono stati accusati di sostenere un terrorista ricercato da questo paese Stati Uniti
74%
2 Al momento dell'indipendenza, si pensò a una federazione tra EAU e questo paese Bahrein
65%
1 Paese d'origine di numerosi immigrati presente negli EAU Giordania
65%
1 Paese d'origine di numerosi immigrati presente negli EAU Bangladesh
61%
1 Paese d'origine di numerosi immigrati presente negli EAU Nepal
61%
1 Paese d'origine di numerosi immigrati presente negli EAU Filippine
48%
1 Paese d'origine di numerosi immigrati presente negli EAU Sri Lanka
48%
Nessun quiz corrispondente trovato
Distribuzione punteggi
Percentuale di utenti per punteggio
Percentile per numero di risposta
I tuoi punteggi nel tempo
Non hai fatto questo quiz